000 00347nam a2200145Ia 4500
008 221030s9999 xx 000 0 und d
041 _aEnglish
082 _a105.23
100 _aS. B. Junnarkar
245 0 _aElements of Applied Mechanics
_cby S. B. Junnarkar, H. J. Shah
260 _c0
650 _aB
700 _aH. J. Shah
942 _cBK
999 _c13253
_d13253